000 00997nam a22002417a 4500
003 OSt
005 20221216111922.0
008 140915b xxu||||| |||| 00| 0 eng d
020 _a9781111222536
022 _21111222533
040 _cWIUC GH
050 _aKF6278.558.A19.U53
100 _aSmith, James E.
_9861
245 _aInternal Revenue Code of 1986 and Treasury regulations: annotated and selected. /
_bJames E. Smith
250 _a2011 edition
260 _aMason OH:
_bSouth-Western,
_c2011.
300 _axxxvi, 1973 p.:
500 _aIncludes glossary and index
505 _aContents: Normal taxes and subtaxes -- Tax on self-employment income -- Witholding of tax on nonresident aliens and foreign corporations -- Rules applicable to recovery of excessive profits on government contracts [repealed] -- Tax on transfers to avoid income tax -- Consolidated returns --
650 _aInternal revenue
_9862
710 _aSouth-Western Federal Taxation
_9863
942 _2lcc
_cBK
999 _c9358
_d16858